Géographie sociale : Approches, concepts, exemples (notice n° 1566638)
[ vue normale ]
| 000 -LEADER | |
|---|---|
| fixed length control field | 01350cam a2200157 4500500 |
| 005 - DATE AND TIME OF LATEST TRANSACTION | |
| control field | 20251214001959.0 |
| 041 ## - LANGUAGE CODE | |
| Language code of text/sound track or separate title | fre |
| 042 ## - AUTHENTICATION CODE | |
| Authentication code | dc |
| 100 10 - MAIN ENTRY--PERSONAL NAME | |
| Personal name | Blanchard, Sophie |
| Relator term | author |
| 245 00 - TITLE STATEMENT | |
| Title | Géographie sociale : Approches, concepts, exemples |
| 260 ## - PUBLICATION, DISTRIBUTION, ETC. | |
| Name of publisher, distributor, etc. | Armand Colin,<br/> |
| Date of publication, distribution, etc. | 2021.<br/> |
| 520 ## - SUMMARY, ETC. | |
| Summary, etc. | La géographie sociale s’intéresse aux pratiques et aux représentations sociales, plus largement aux expériences vécues, inséparables des rapports sociaux. Elle conçoit l’espace comme une dimension du monde social, et non comme quelque chose qui lui serait extérieur. Cette approche fournit une grille de lecture de nos sociétés en considérant à la fois les espaces matériels, les espaces institutionnels et les espaces vécus.Cet ouvrage, véritable initiation à la géographie sociale, en présente les principaux apports théoriques, les grands concepts et les méthodes. Assorti de nombreux exemples, il en expose certains thèmes classiques (comme la ségrégation résidentielle ou les migrations) et d’autres moins investis (comme le travail ou les mobilisations) pour mieux saisir les grands enjeux sociaux du monde contemporain. |
| 700 10 - ADDED ENTRY--PERSONAL NAME | |
| Personal name | Estebanez, Jean |
| Relator term | author |
| 700 10 - ADDED ENTRY--PERSONAL NAME | |
| Personal name | Ripoll, Fabrice |
| Relator term | author |
| 856 41 - ELECTRONIC LOCATION AND ACCESS | |
| Uniform Resource Identifier | <a href="https://shs.cairn.info/geographie-sociale--9782200627355?lang=fr&redirect-ssocas=7080">https://shs.cairn.info/geographie-sociale--9782200627355?lang=fr&redirect-ssocas=7080</a> |
Pas d'exemplaire disponible.




Réseaux sociaux